00839nam a2200241 a 450000100060000000300080000600500170001400800410003103500190007204000330009104100080012408200220013210000280015424501190018226000570030130000280035833600260038633700280041233800270044065000340046770000540050170000420055586006BD-RjUL20251130141654.0251125s19521939enk 000 0 fre  a(BD-RjUL)86006 aDLCcCarPdDLCdBD-RjULbeng aeng 223a875bCIB 19521 aCicero, Marcus Tullius.00aBrutus /cwith an English translation by Marcus Tullius Cicero, Harry Mortimer Hubbell, George Lincoln Hendrickson aLondon :bW. Heinemann ltd.,c1939, [reprinted 1952] av, 537, [1] p.;c17 cm. atextbtxt2rdacontent aunmediatedbn2rdamedia avolumebnc2rdacarrier 0aOratoryvEarly works to 1800.1 aHendrickson, G. L.q(George Lincoln),d1865-etr.1 aHubbell, Harry Mortimer,d1881- etr.